000 00666cai a22001935a 4500
001 L155753
008 120413s2012 xxk f 000 0 eng d
035 _a(Sirsi) u155753
041 0 _aeng
110 2 _aBritish Standards Institution
_9130
245 0 0 _aBuilding information modelling
_h[electronic resource]
260 _aLondon
_bBSI
_c2012
520 _aA gateway to a variety of BIM resources.
590 _aKA
651 4 _aUnited Kingdom
_y
690 _aBIM
_96219
856 4 0 _uhttps://shop.bsigroup.com/en/Browse-by-Sector/Building--Construction/Building-Information-Modelling/
_zView the guidance and free reports here shop.bsigroup.com
942 _n0
999 _c113795
_d113795